Tous les joueurs utilisés par Didier Deschamps en équipe de France - Statistiques

Statistiques générales
  • Ce quiz a été pris 1 361 fois
    159 depuis la dernière actualisation
  • Le résultat moyen est 75 sur 124
Statistiques - réponses
nb sélection
avec DD
nom % Correct
108 Hugo Lloris
99%
97 Kylian Mbappé
96%
128 Olivier Giroud
95%
137 Antoine Griezmann
94%
39 Mike Maignan
94%
93 Raphaël Varane
94%
20 Steve Mandanda
94%
42 Lucas Hernández
93%
43 Théo Hernández
93%
57 Lucas Digne
92%
68 N'Golo Kanté
91%
91 Paul Pogba
91%
5 Alphonse Aréola
90%
55 Benjamin Pavard
90%
37 Dayot Upamecano
89%
48 Karim Benzema
89%
45 Aurélien Tchouameni
87%
58 Ousmane Dembélé
87%
4 Brice Samba
86%
1 Lucas Chevalier
86%
4 Khéphren Thuram
85%
34 Marcus Thuram
85%
80 Blaise Matuidi
84%
29 Eduardo Camavinga
84%
31 Samuel Umtiti
84%
47 Jules Koundé
84%
28 Ibrahima Konaté
83%
6 Rayan Cherki
81%
58 Adrien Rabiot
80%
6 Désiré Doué
80%
12 Adil Rami
80%
20 Steven Nzonzi
79%
28 Corentin Tolisso
78%
61 Kingsley Coman
78%
13 Florian Thauvin
77%
31 William Saliba
77%
47 Laurent Koscielny
77%
19 Bradley Barcola
76%
10 Benjamin Mendy
75%
16 Michael Olise
75%
2 Stéphane Ruffier
75%
10 Ferland Mendy
74%
24 Mamadou Sakho
74%
17 Franck Ribéry
73%
25 Nabil Fékir
73%
1 Benoît Costil
72%
32 Randal Kolo Muani
72%
39 Patrice Evra
70%
28 Presnel Kimpembe
70%
35 Dimitri Payet
69%
10 Malo Gusto
69%
68 Moussa Sissoko
67%
33 Bacary Sagna
66%
13 Manu Koné
66%
11 Warren Zaïre Emery
66%
32 Yohan Cabaye
66%
16 Clément Lenglet
65%
8 Hugo Ekitike
65%
18 Djibril Sidibé
64%
20 André-Pierre Gignac
63%
40 Mathieu Valbuena
63%
27 Thomas Lemar
63%
16 Alexandre Lacazette
62%
6 Samir Nasri
62%
2 Hatem Ben Arfa
60%
4 Jean-Philippe Mateta
60%
1 Wesley Fofana
60%
25 Youssouf Fofana
60%
30 Anthony Martial
56%
3 Maxence Lacroix
56%
16 Christophe Jallet
55%
18 Mathieu Debuchy
55%
8 Maghnes Akliouche
55%
14 Mattéo Guendouzi
55%
1 Abou Diaby
53%
11 Moussa Diaby
53%
19 Wissam Ben Yedder
51%
5 Axel Disasi
49%
14 Jonathan Clauss
49%
15 Morgan Schneiderlin
49%
5 Gaël Clichy
48%
6 Lassana Diarra
47%
13 Léo Dubois
46%
6 Jordan Veretout
46%
2 Benoît Badiashile
44%
2 Yohann Gourcuff
44%
3 Pierre Kalulu
42%
18 Christopher Nkunku
41%
1 Houssem Aouar
41%
8 Jérémy Menez
41%
13 Loïc Rémy
41%
4 Rémy Cabella
41%
7 Tanguy Ndombélé
41%
13 Layvin Kurzawa
39%
4 Jérémy Mathieu
39%
5 Kévin Gameiro
39%
5 Clément Grenier
37%
2 Anthony Réveillère
37%
8 Eliaquim Mangala
37%
7 Rio Mavuba
37%
16 Bafétimbi Gomis
36%
5 Benoît Trémoulinas
36%
11 Kurt Zouma
36%
1 Clément Chantôme
35%
1 Tiemoué Bakayoko
34%
5 Geoffrey Kondogbia
34%
6 Maxime Gonalons
34%
5 Boubacar Kamara
33%
6 Eric Abidal
33%
1 Ruben Aguilar
33%
1 Marvin Martin
33%
4 Jonathan Ikoné
31%
2 Paul Georges Ntep
31%
1 Alassane Pléa
30%
1 Adrien Truffert
29%
1 Castello Lukeba
28%
1 Nordi Mukiele
27%
2 Jean-Clair Todibo
26%
7 Etienne Capoue
25%
4 Mapou Yanga Mbiwa
25%
1 Sébastien Corchia
25%
1 Jimmy Briand
22%
1 Loïc Badé
22%
7 Josuha Guilavogui
20%
Aucun quiz correspondant
Distribution des résultats
% des personnes avec chaque résultat
Percentile par nombre de réponses
Votre historique - résultats
Vous n’avez pas pris ce quiz depuis la dernière actualisation